Vplyv rozvoja informačnej a komunikačnej techniky na zmeny marketingových stratégií
Modernizácia vzťahov výroby a spotreby je inšpirovaná pokrokom technológií, vplyvom informačnej a komunikačnej techniky do nášho života. Revolúcia v informačných technológiách zásadným spôsobom zmenila svet marketingu. Inovácie informačnej a komunikačnej techniky majú zásadný význam pre rozvoj súčas...
Salvato in:
| Autore principale: | |
|---|---|
| Natura: | Capitolo di libro |
| Lingua: | slovacco |
| Soggetti: | |
| Tags: |
Nessun Tag, puoi essere il primo ad aggiungerne!!
|
MARC
| LEADER | 00000naa$a2200000$$$4500 | ||
|---|---|---|---|
| 001 | 0045781 | ||
| 005 | 20240502071529.9 | ||
| 041 | 0 | |a slo | |
| 044 | |a SK | ||
| 245 | 1 | 0 | |a Vplyv rozvoja informačnej a komunikačnej techniky na zmeny marketingových stratégií |c Miroslav Mariaš |
| 520 | |a Modernizácia vzťahov výroby a spotreby je inšpirovaná pokrokom technológií, vplyvom informačnej a komunikačnej techniky do nášho života. Revolúcia v informačných technológiách zásadným spôsobom zmenila svet marketingu. Inovácie informačnej a komunikačnej techniky majú zásadný význam pre rozvoj súčasného ekonomického prostredia. Marketingové stratégie reflektujú podmienky, ktoré ponúka penetrácia informačnej a komunikačnej techniky do podnikového prostredia i do prostredia zákazníkov. | ||
| 610 | 2 | 0 | |a stratégia marketingová |
| 610 | 2 | 0 | |a technológie informačné |
| 610 | 2 | 0 | |a technológie komunikačné |
| 610 | 2 | 0 | |a systémy informačné marketingové |
| 610 | 2 | 0 | |a obchod elektronický |
| 100 | 1 | |a Mariaš, Miroslav | |